|
|
|
|
| LEADER |
00000cam a2200000 7i4500 |
| 001 |
0000003878 |
| 002 |
000004179 |
| 005 |
20080319.0 |
| 020 |
|
|
|a 0862033802
|
| 090 |
0 |
0 |
|a JF
|b BON
|
| 100 |
1 |
|
|a Bond, Ruskin
|
| 245 |
1 |
0 |
|a Ghost trouble
|c Ruskin Bond ; illustrated by Barbara Walker
|
| 260 |
|
|
|a Great Britain :
|b Julia MacRae Books ,
|c 1989
|
| 300 |
|
|
|a 48p. :
|b ill. ;
|c 20cm.
|
| 490 |
0 |
|
|a Blackbird Books
|
| 650 |
0 |
0 |
|a Children's stories
|
| 700 |
1 |
|
|a Walker, Barbara ,
|e illustrated
|
| 999 |
|
|
|a 032612
|b BUKU
|c PINJAMAN
|e PERPUSTAKAAN KOMUNITI PETALING JAYA
|
| 999 |
|
|
|a 032613
|b BUKU
|c PINJAMAN
|e PERPUSTAKAAN KOMUNITI PETALING JAYA
|